01447nam a2200289 a 4500001001000000005001700010008004100027041000800068044000800076084002000084100004500104245010600149260004300255300002200298500023900320500008400559500016300643500001000806546002400816650005200840650005600892650003400948650004500982700004001027700004001067740005001107BRCA_324520190320204201.0110309s1818----enka---###---#000-0#eng-# aeng aenk a546b.C34c18181 aCervantes Saavedra, Miguel ded1547-161610aDon Quixote de la ManchacTranslated from the Spanish of Miguel de Cervantes Saavedra by Mary Smirke. aLondresbT. Cadell and W. Daviesc1818 a4 v.bil.c22 cm. aContenido : v.1. Primera parte. Prefacio de la editora. Noticia biográfica sobre Cervantes tomada de Pellicer. Prólogo del autor. Notas. -- v.2. Texto. -- v.3. Segunda parte. Dedicatoria y prólogo del autor. Notas. -- v.4. Texto aEdición : Embellished whith Engravings from Pictures Painted by Robert Smirke aEjemplar del todo igual al descrito en el número 544, publicado por los mismos editores. Piel; planos orlados y lomos decorados con dorados Lúdovik Osterc aQM440 aTexto en : inglés14aNovela españolayÉpoca clásica, 1500-170014aLiteratura españolayÉpoca clásica, 1500-170014aNovela españolaySiglo XVII14aDon Quijote (Personaje ficticio)eNovela1 aSmirke, Maryd1789-1853eTraductora1 aSmirke, Robertd1781-1846eGrabador0 aEl Ingenioso Hidalgo Don Quijote de la Mancha